000 01277cam a22003497a 4500
003 CHAP
005 20251215091626.0
008 971013s1987 r 00010 d
010 _a6756
011 _a7728
020 _a9684961014
035 _a6952
040 _cCHAP
082 _a633.15
_bR88
100 1 0 _aRuvalcaba Mercado, Jesús
_9101009
245 0 _aVida cotidiana y consumo de maíz en la Huasteca Veracruzana
260 _aMéxico, D.F. :
_bCentro de Investigaciones y Estudios Superiores en Antropología Social,
_c1987
300 _a92 p.
490 0 _aCuadernos de la casa chata
_v; 134
590 _aBATCH-UPD
_b10
_c20130110
_lUCH01
_h1723
590 _aBATCH-UPD
_b10
_c20130410
_lUCH01
_h1106
590 _aBATCH-UPD
_b10
_c20130914
_lUCH01
_h1748
590 _aCONVERSION
_b10
_c20130109
_lUCH01
_h1305
650 1 4 _aMaíz
_xValor nutritivo.
_971080
650 1 4 _aMaíz
_xVeracruz.
_971085
830 0 _aCuadernos de la casa chata
_v; 134
_929795
901 _aBK
942 _cLIBRO
949 _a633.15 R88
_bBC
_cLIBRO
_d33724000207999
_eLIBRO
_gI.c/e
_h85030
_i6952
_si
_t10.00
949 _a633.15 R88
_bBC
_cLIBRO
_d33724000208005
_eLIBRO
_fc.2
_gI.c/e
_h85031
_i6952
_si
_t10.00
949 _a633.15 R88
_bBC
_cLIBRO
_d33724000951208
_eLIBRO
_fc.3
_gI.c/e
_h105394
_i6952
_sb
999 _c6756
_d6756